000 00578nam a22002297a 4500
003 OSt
005 20140310183115.0
008 130218t xxu||||| |||| 00| 0 eng d
020 _a9712322815
050 _aPE1130
_b.A283 1997
082 _aFIL 428
_bAg9 1997
245 _aSpeaking and Writing English
_cAguilar, Celedonio G.
260 _aManila
_bRex Book Store
_c1997
300 _a101 p.
_c22 cm.
521 _acollege students
526 _c1210L-1700L
541 _j1
541 _j2
541 _j3
562 _e3
942 _2lcc
_cBK
_kFIL
999 _c18884
_d18884